[Event "Voronezh op-B 17th"]
[Site "Voronezh"]
[Date "2013.06.15"]
[Round "4"]
[White "Nerushev, Arseniy"]
[Black "Geranichev, Mikhail"]
[Result "1/2-1/2"]
[WhiteElo "1850"]
[BlackElo "2111"]
[PlyCount "70"]
[EventDate "2013.06.12"]
[EventType "swiss"]
[EventRounds "9"]
[EventCountry "RUS"]
[SourceTitle "EXT 2014"]
[Source "ChessBase"]
[SourceDate "2013.11.20"]
[SourceVersion "1"]
[SourceVersionDate "2013.11.20"]
[SourceQuality "1"]

1. e4 e5 2. Nf3 Nc6 3. d4 exd4 4. Nxd4 Nf6 5. Nxc6 bxc6 6. e5 Qe7 7. Qe2 Nd5 8. c4 Ba6 9. b3 g5 10. Qe4 Nf4 11. Ba3 Qe6 12. h4 Bg7 13. Bb2 Ng6 14. hxg5 Nxe5 15. Nd2 Nf3+ 16. gxf3 Bxb2 17. Rb1 Bc3 18. Qxe6+ dxe6 19. Bd3 0-0-0 20. Ke2 c5 21. Ne4 Bd4 22. Rh3 Rdg8 23. Rbh1 Rg7 24. f4 Bb7 25. f3 e5 26. fxe5 Bxe4 27. Bxe4 Bxe5 28. Rxh7 Rhxh7 29. Rxh7 Rxg5 30. Rxf7 Rg2+ 31. Kd3 Rxa2 32. Bc6 Bd6 33. Rh7 Kd8 34. Be4 a6 35. Rh8+ Ke7 1/2-1/2